000 00690nam a2200205 u 4500
001 000020751
005 20240530073919.0
008 100813s2015 dr 000 f spa d
020 _a9789945084108
040 _aDO-SdBNP
_bspa
_cBNPHU
082 _aRD863.5
_bV715s
100 1 _aVillamán, Elizabeth
_943508
245 1 4 _aLos secretos de Emma Winpol :
_bla frialdad de un clan maligno /
_cElizabeth Villamán.
260 _aSanto Domingo :
_b[s. n.],
_c2015.
300 _a183 p. ;
_c23 cm.
500 _aLa biblioteca posee 1 ejemplar autográfiado por el autor
650 0 _aNovela dominicana
_9223
650 0 _aLiteratura dominicana.
_967
910 _aValidado. Control de calidad MFF
999 _c20255
_d20255